[Event "15th Bangkok Chess Club Open Blitz 2015"]
[Site "Dusit Thani, Pattaya"]
[Date "2015.04.15"]
[Round "6.1"]
[White "Wang, Hao"]
[Black "Causo, Deniel"]
[Result "*"]
[BlackElo "2401"]
[WhiteElo "2705"]
[LiveChessVersion "1.4.5"]

1. d4 {[%clk 0:03:01]} Nf6 {[%clk 0:03:04]} 2. c4 {[%clk 0:03:03]} g6
{[%clk 0:03:05]} 3. Nc3 {[%clk 0:03:02]} d5 {[%clk 0:02:59]} 4. cxd5
{[%clk 0:03:01]} Nxd5 {[%clk 0:03:01]} 5. Bd2 {[%clk 0:03:01]} Bg7
{[%clk 0:02:59]} 6. e4 {[%clk 0:02:58]} Nxc3 {[%clk 0:02:59]} 7. Bxc3
{[%clk 0:02:58]} O-O {[%clk 0:03:00]} 8. Bc4 {[%clk 0:02:37]} c5 {[%clk 0:02:56]}
9. Ne2 {[%clk 0:02:37]} cxd4 {[%clk 0:02:54]} 10. Nxd4 {[%clk 0:02:13]} Bd7
{[%clk 0:02:51]} 11. O-O {[%clk 0:02:11]} Nc6 {[%clk 0:02:52]} 12. Nxc6
{[%clk 0:02:03]} Bxc6 {[%clk 0:02:53]} 13. Bxg7 {[%clk 0:02:02]} Kxg7
{[%clk 0:02:54]} 14. Re1 {[%clk 0:01:50]} Qxd1 {[%clk 0:02:48]} 15. Raxd1
{[%clk 0:01:49]} Rad8 {[%clk 0:02:45]} 16. f3 {[%clk 0:01:45]} Kf6
{[%clk 0:02:24]} 17. Kf2 {[%clk 0:01:46]} e6 {[%clk 0:02:06]} 18. Ke3
{[%clk 0:01:45]} *

[Event "15th Bangkok Chess Club Open Blitz 2015"]
[Site "Dusit Thani, Pattaya"]
[Date "2015.04.15"]
[Round "6.2"]
[White "Dragun, Kamil"]
[Black "Ravi, Teja S."]
[Result "*"]
[BlackElo "2368"]
[WhiteElo "2537"]
[LiveChessVersion "1.4.5"]

1. d4 {[%clk 0:03:03]} d5 {[%clk 0:03:03]} 2. c4 {[%clk 0:03:04]} c6
{[%clk 0:03:05]} 3. e3 {[%clk 0:03:05]} Nf6 {[%clk 0:03:06]} 4. Nf3
{[%clk 0:03:06]} Bf5 {[%clk 0:03:06]} 5. Nc3 {[%clk 0:03:05]} a6 {[%clk 0:03:07]}
6. Nh4 {[%clk 0:03:00]} Bg6 {[%clk 0:03:05]} 7. Nxg6 {[%clk 0:03:00]} hxg6
{[%clk 0:03:06]} 8. g3 {[%clk 0:02:59]} e6 {[%clk 0:03:07]} 9. cxd5
{[%clk 0:02:59]} exd5 {[%clk 0:03:08]} 10. Bg2 {[%clk 0:03:00]} Bd6
{[%clk 0:03:09]} 11. O-O {[%clk 0:02:57]} Nbd7 {[%clk 0:03:10]} 12. Re1
{[%clk 0:02:53]} O-O {[%clk 0:03:10]} 13. e4 {[%clk 0:02:53]} dxe4
{[%clk 0:03:11]} 14. Nxe4 {[%clk 0:02:54]} Be7 {[%clk 0:03:09]} 15. Nc3
{[%clk 0:02:50]} Re8 {[%clk 0:03:05]} 16. d5 {[%clk 0:02:49]} cxd5
{[%clk 0:02:58]} 17. Nxd5 {[%clk 0:02:50]} Nxd5 {[%clk 0:02:47]} 18. Qxd5
{[%clk 0:02:50]} Nc5 {[%clk 0:02:37]} 19. Be3 {[%clk 0:02:46]} Nd3
{[%clk 0:02:33]} 20. Re2 {[%clk 0:02:20]} Qxd5 {[%clk 0:01:58]} 21. Bxd5 Rab8 22.
Rd1 {[%clk 0:02:13]} Nb4 {[%clk 0:02:00]} 23. Bf4 {[%clk 0:02:11]} Rbd8
{[%clk 0:01:55]} 24. Bb3 {[%clk 0:01:43]} Rxd1+ {[%clk 0:01:30]} 25. Bxd1
{[%clk 0:01:44]} Nxa2 {[%clk 0:01:26]} 26. Ba4 {[%clk 0:01:42]} b5
{[%clk 0:01:27]} 27. Bb3 {[%clk 0:01:43]} Nb4 {[%clk 0:01:22]} 28. Bd6
{[%clk 0:01:41]} Nc6 {[%clk 0:01:24]} 29. Bd5 Rd8 30. Bxc6 {[%clk 0:01:21]} Bxd6
{[%clk 0:01:26]} 31. b3 {[%clk 0:01:12]} Bc5 {[%clk 0:01:17]} 32. Kg2
{[%clk 0:01:08]} Rd6 {[%clk 0:01:17]} 33. Bb7 {[%clk 0:01:05]} f6
{[%clk 0:01:11]} 34. Rc2 {[%clk 0:00:55]} Bd4 {[%clk 0:01:02]} 35. Rd2
{[%clk 0:00:56]} Be5 {[%clk 0:00:56]} 36. Rxd6 {[%clk 0:00:56]} Bxd6
{[%clk 0:00:57]} 37. Bxa6 {[%clk 0:00:57]} b4 {[%clk 0:00:58]} 38. Bc4+
{[%clk 0:00:58]} *

[Event "15th Bangkok Chess Club Open Blitz 2015"]
[Site "Dusit Thani, Pattaya"]
[Date "2015.04.15"]
[Round "6.3"]
[White "Hemant, Sharma"]
[Black "Dimakiling, Oliver"]
[Result "*"]
[BlackElo "2422"]
[WhiteElo "2325"]
[LiveChessVersion "1.4.5"]

1. c4 {[%clk 0:03:03]} e6 {[%clk 0:03:03]} 2. g3 {[%clk 0:03:04]} d5
{[%clk 0:03:04]} 3. Nf3 {[%clk 0:03:05]} a6 {[%clk 0:03:05]} 4. b3
{[%clk 0:03:06]} c5 {[%clk 0:03:05]} 5. Bg2 {[%clk 0:03:07]} Nc6 {[%clk 0:03:06]}
6. O-O {[%clk 0:03:07]} d4 {[%clk 0:03:06]} 7. e3 {[%clk 0:03:09]} Nf6
{[%clk 0:03:05]} 8. exd4 {[%clk 0:03:10]} cxd4 {[%clk 0:03:06]} 9. d3
{[%clk 0:03:11]} Be7 {[%clk 0:03:03]} 10. Re1 {[%clk 0:03:12]} O-O
{[%clk 0:03:02]} 11. Na3 {[%clk 0:03:14]} Nd7 {[%clk 0:02:59]} 12. Nc2
{[%clk 0:03:15]} e5 {[%clk 0:02:59]} 13. a3 {[%clk 0:03:10]} a5 {[%clk 0:03:00]}
14. Bd2 {[%clk 0:03:11]} Nc5 {[%clk 0:02:57]} 15. Nxe5 {[%clk 0:02:49]} Nxe5
{[%clk 0:02:56]} 16. Rxe5 {[%clk 0:02:51]} Nxb3 {[%clk 0:02:56]} 17. Rb1
{[%clk 0:02:51]} Nxd2 {[%clk 0:02:53]} 18. Qxd2 {[%clk 0:02:52]} Bf6
{[%clk 0:02:51]} 19. Rd5 {[%clk 0:02:51]} Qe7 {[%clk 0:02:35]} 20. a4
{[%clk 0:02:43]} Be6 {[%clk 0:02:13]} 21. Rxa5 {[%clk 0:02:44]} Rab8
{[%clk 0:01:46]} 22. Rab5 {[%clk 0:02:44]} Qd7 {[%clk 0:01:38]} 23. a5
{[%clk 0:02:44]} Qd6 {[%clk 0:01:15]} 24. Rb6 {[%clk 0:02:41]} Qc5
{[%clk 0:01:05]} 25. a6 {[%clk 0:02:41]} h5 {[%clk 0:00:47]} 26. R1b5
{[%clk 0:02:42]} Qc7 {[%clk 0:00:43]} 27. Rxb7 {[%clk 0:02:36]} Rxb7
{[%clk 0:00:44]} 28. Rxb7 {[%clk 0:02:35]} Qc5 {[%clk 0:00:44]} 29. Rb5
{[%clk 0:02:25]} Qa7 {[%clk 0:00:44]} 30. Qa5 {[%clk 0:02:25]} h4
{[%clk 0:00:43]} 31. Rb7 {[%clk 0:02:24]} Qa8 {[%clk 0:00:40]} 32. a7
{[%clk 0:02:21]} h3 {[%clk 0:00:39]} 33. Be4 {[%clk 0:02:19]} Bxc4
{[%clk 0:00:29]} 34. dxc4 {[%clk 0:02:17]} d3 {[%clk 0:00:30]} 35. Ne3
{[%clk 0:02:16]} Rd8 {[%clk 0:00:27]} 36. Bd5 {[%clk 0:02:03]} Kh8
{[%clk 0:00:14]} 37. Rd7 {[%clk 0:01:53]} d2 {[%clk 0:00:09]} 38. Nd1
{[%clk 0:01:41]} Rxd7 {[%clk 0:00:05]} 39. Bxa8 {[%clk 0:01:41]} Bg5 40. Bg2 *

[Event "15th Bangkok Chess Club Open Blitz 2015"]
[Site "Dusit Thani, Pattaya"]
[Date "2015.04.15"]
[Round "6.4"]
[White "Laylo, Darwin"]
[Black "Bartel, Michal"]
[Result "0-1"]
[BlackElo "2381"]
[WhiteElo "2465"]
[LiveChessVersion "1.4.5"]

1. c4 {[%clk 0:03:03]} e5 {[%clk 0:03:02]} 2. Nc3 {[%clk 0:03:04]} Nc6
{[%clk 0:03:01]} 3. g3 {[%clk 0:03:04]} Nf6 {[%clk 0:02:59]} 4. Bg2
{[%clk 0:03:05]} Bc5 {[%clk 0:02:59]} 5. e3 {[%clk 0:03:03]} O-O {[%clk 0:02:58]}
6. Nge2 {[%clk 0:03:04]} d5 {[%clk 0:02:58]} 7. cxd5 {[%clk 0:03:02]} Nb4
{[%clk 0:02:59]} 8. d4 {[%clk 0:02:59]} exd4 {[%clk 0:02:56]} 9. exd4
{[%clk 0:02:58]} Bb6 {[%clk 0:02:45]} 10. Bg5 {[%clk 0:02:53]} h6
{[%clk 0:02:35]} 11. Bxf6 {[%clk 0:02:53]} Qxf6 {[%clk 0:02:35]} 12. a3
{[%clk 0:02:53]} Bxd4 {[%clk 0:01:44]} 13. O-O {[%clk 0:02:43]} Bxc3
{[%clk 0:01:36]} 14. Nxc3 {[%clk 0:02:37]} Na6 {[%clk 0:01:37]} 15. Rc1
{[%clk 0:02:25]} Bd7 {[%clk 0:01:31]} 16. b4 {[%clk 0:02:22]} Rad8
{[%clk 0:01:30]} 17. Re1 {[%clk 0:02:09]} c6 {[%clk 0:01:22]} 18. Qf3
{[%clk 0:01:57]} Qg6 {[%clk 0:00:52]} 19. Qf4 {[%clk 0:01:52]} Rfe8
{[%clk 0:00:36]} 20. Rxe8+ {[%clk 0:01:31]} Rxe8 {[%clk 0:00:33]} 21. dxc6
{[%clk 0:01:29]} Bxc6 {[%clk 0:00:28]} 22. Bxc6 {[%clk 0:01:29]} bxc6
{[%clk 0:00:30]} 23. h4 {[%clk 0:01:12]} Qd3 {[%clk 0:00:23]} 24. Kg2
{[%clk 0:00:52]} Nb8 {[%clk 0:00:16]} 25. Qf3 {[%clk 0:00:52]} Qxf3+
{[%clk 0:00:09]} 26. Kxf3 {[%clk 0:00:53]} Nd7 {[%clk 0:00:09]} 27. Na4
{[%clk 0:00:51]} Ne5+ {[%clk 0:00:07]} 28. Kg2 {[%clk 0:00:53]} Rd8
{[%clk 0:00:07]} 29. Rc2 {[%clk 0:00:51]} Rd3 {[%clk 0:00:08]} 30. f4
{[%clk 0:00:51]} Ng4 {[%clk 0:00:09]} 31. Rxc6 {[%clk 0:00:51]} Rxa3
{[%clk 0:00:10]} 32. Ra6 {[%clk 0:00:50]} Ne3+ {[%clk 0:00:08]} 33. Kf2
{[%clk 0:00:47]} Nd1+ {[%clk 0:00:09]} 34. Kg2 {[%clk 0:00:45]} Ne3+
{[%clk 0:00:09]} 35. Kf2 {[%clk 0:00:37]} Nd1+ {[%clk 0:00:11]} 36. Ke1
{[%clk 0:00:38]} Nc3 {[%clk 0:00:09]} 37. Nc5 {[%clk 0:00:36]} Rxa6
{[%clk 0:00:09]} 38. Nxa6 {[%clk 0:00:37]} Kf8 {[%clk 0:00:10]} 39. Kf2
{[%clk 0:00:33]} Ke7 {[%clk 0:00:11]} 40. Ke3 {[%clk 0:00:32]} Kd6
{[%clk 0:00:13]} 41. g4 {[%clk 0:00:33]} Nd5+ {[%clk 0:00:14]} 42. Ke4
{[%clk 0:00:32]} g6 {[%clk 0:00:14]} 43. g5 {[%clk 0:00:31]} h5 {[%clk 0:00:15]}
44. f5 {[%clk 0:00:31]} Nc3+ {[%clk 0:00:14]} 45. Kd3 {[%clk 0:00:28]} Nd5
{[%clk 0:00:14]} 46. fxg6 {[%clk 0:00:28]} fxg6 {[%clk 0:00:15]} 47. b5
{[%clk 0:00:23]} Nf4+ {[%clk 0:00:16]} 48. Kd4 {[%clk 0:00:23]} Ng2
{[%clk 0:00:16]} 49. Nc5 {[%clk 0:00:24]} Nxh4 {[%clk 0:00:16]} 50. Ne4+
{[%clk 0:00:25]} Ke6 {[%clk 0:00:15]} 51. Kc5 {[%clk 0:00:22]} Nf3
{[%clk 0:00:14]} 52. Nd6 {[%clk 0:00:20]} h4 {[%clk 0:00:15]} 53. Kd4 Ke5+ 0-1

[Event "15th Bangkok Chess Club Open Blitz 2015"]
[Site "Dusit Thani, Pattaya"]
[Date "2015.04.15"]
[Round "6.5"]
[White "Socko, Bartosz"]
[Black "Biag, Ivan Gil"]
[Result "*"]
[BlackElo "2328"]
[WhiteElo "2623"]
[LiveChessVersion "1.4.5"]

1. e4 {[%clk 0:03:03]} c6 {[%clk 0:03:02]} 2. d4 {[%clk 0:03:03]} d5
{[%clk 0:03:03]} 3. e5 {[%clk 0:03:05]} Bf5 {[%clk 0:03:02]} 4. Nd2
{[%clk 0:03:05]} e6 {[%clk 0:03:01]} 5. Nb3 {[%clk 0:03:06]} Nd7 {[%clk 0:03:00]}
6. Nf3 {[%clk 0:03:06]} Ne7 {[%clk 0:02:58]} 7. Be2 {[%clk 0:03:07]} h6
{[%clk 0:02:59]} 8. O-O {[%clk 0:03:07]} Bh7 {[%clk 0:02:52]} 9. Ne1
{[%clk 0:03:07]} Ng6 {[%clk 0:02:46]} 10. Bd3 {[%clk 0:03:08]} Be7
{[%clk 0:02:46]} 11. f4 {[%clk 0:03:06]} Nh4 {[%clk 0:01:54]} 12. Be2
{[%clk 0:03:00]} c5 {[%clk 0:01:49]} 13. dxc5 {[%clk 0:02:55]} Nxc5
{[%clk 0:01:48]} 14. Be3 {[%clk 0:02:48]} Qc7 {[%clk 0:01:33]} 15. Nd3
{[%clk 0:02:10]} Ne4 {[%clk 0:01:23]} 16. Nd4 {[%clk 0:02:01]} a6
{[%clk 0:01:18]} 17. g3 {[%clk 0:01:49]} Nf5 {[%clk 0:01:10]} 18. Nxf5
{[%clk 0:01:50]} Bxf5 {[%clk 0:00:53]} 19. g4 {[%clk 0:01:51]} Bh7
{[%clk 0:00:54]} 20. f5 {[%clk 0:01:52]} Bg5 {[%clk 0:00:47]} 21. Bd4
{[%clk 0:01:44]} Rc8 {[%clk 0:00:41]} 22. c3 {[%clk 0:01:45]} O-O
{[%clk 0:00:35]} 23. f6 {[%clk 0:01:22]} gxf6 {[%clk 0:00:26]} 24. exf6
{[%clk 0:01:23]} Rfe8 {[%clk 0:00:26]} 25. Be5 {[%clk 0:01:10]} Qb6+
{[%clk 0:00:27]} 26. Kg2 {[%clk 0:01:06]} Nd6 {[%clk 0:00:17]} 27. b3
{[%clk 0:00:50]} Ne4 {[%clk 0:00:12]} 28. Qe1 {[%clk 0:00:50]} Qe3
{[%clk 0:00:10]} 29. Rf3 {[%clk 0:00:44]} Qd2 {[%clk 0:00:11]} 30. Rd1
{[%clk 0:00:29]} Qxe1 {[%clk 0:00:12]} 31. Nxe1 {[%clk 0:00:30]} Nd2
{[%clk 0:00:11]} 32. Rh3 {[%clk 0:00:24]} Ne4 {[%clk 0:00:11]} 33. Nf3
{[%clk 0:00:22]} Bxf6 {[%clk 0:00:11]} 34. Bxf6 {[%clk 0:00:16]} Nxf6
{[%clk 0:00:12]} 35. Ne5 {[%clk 0:00:18]} Ne4 {[%clk 0:00:09]} 36. Bd3
{[%clk 0:00:16]} Rxc3 {[%clk 0:00:08]} 37. Rxh6 {[%clk 0:00:14]} Kg7
{[%clk 0:00:04]} 38. Rh5 {[%clk 0:00:08]} f6 {[%clk 0:00:04]} 39. Nf3
{[%clk 0:00:07]} Bg6 {[%clk 0:00:05]} 40. Rh3 {[%clk 0:00:08]} Rec8
{[%clk 0:00:05]} 41. Nd4 {[%clk 0:00:08]} Kf7 {[%clk 0:00:05]} 42. Rh6
{[%clk 0:00:08]} e5 {[%clk 0:00:05]} 43. Ne2 {[%clk 0:00:08]} Rxd3
{[%clk 0:00:05]} 44. Rxd3 {[%clk 0:00:09]} Rc2 {[%clk 0:00:06]} 45. Kf1
{[%clk 0:00:09]} Nc5 {[%clk 0:00:07]} 46. Rxd5 {[%clk 0:00:08]} Bd3
{[%clk 0:00:08]} 47. Rxd3 {[%clk 0:00:05]} Nxd3 {[%clk 0:00:09]} 48. Rh7+
{[%clk 0:00:06]} Kg6 {[%clk 0:00:10]} 49. Rxb7 {[%clk 0:00:07]} Rxa2
{[%clk 0:00:10]} 50. h4 {[%clk 0:00:06]} Rb2 {[%clk 0:00:06]} 51. Ng3
{[%clk 0:00:07]} Rf2+ {[%clk 0:00:07]} 52. Kg1 {[%clk 0:00:08]} Rf4
{[%clk 0:00:06]} 53. h5+ {[%clk 0:00:05]} Kg5 {[%clk 0:00:08]} 54. Kg2
{[%clk 0:00:04]} Rf2+ {[%clk 0:00:08]} 55. Kg1 {[%clk 0:00:04]} Rf4
{[%clk 0:00:08]} 56. Kg2 {[%clk 0:00:04]} Rf2+ 57. Kg1 Rf4 {[%clk 0:00:10]} 58.
Kg2 {[%clk 0:00:07]} Rf2+ {[%clk 0:00:10]} 59. Kg1 {[%clk 0:00:09]} *

[Event "15th Bangkok Chess Club Open Blitz 2015"]
[Site "Dusit Thani, Pattaya"]
[Date "2015.04.15"]
[Round "6.6"]
[White "Barbosa, Oliver"]
[Black "Alahakoon, Isuru"]
[Result "*"]
[BlackElo "2152"]
[WhiteElo "2610"]
[LiveChessVersion "1.4.5"]

1. d4 {[%clk 0:03:02]} Nf6 {[%clk 0:03:03]} 2. Bg5 {[%clk 0:03:02]} Ne4
{[%clk 0:03:02]} 3. Bf4 {[%clk 0:03:02]} c5 {[%clk 0:03:01]} 4. d5
{[%clk 0:03:02]} d6 {[%clk 0:02:55]} 5. f3 {[%clk 0:02:59]} Qa5+ {[%clk 0:02:53]}
6. c3 {[%clk 0:02:55]} Nf6 {[%clk 0:02:53]} 7. e4 {[%clk 0:02:54]} g6
{[%clk 0:02:53]} 8. Na3 {[%clk 0:02:49]} Bg7 {[%clk 0:02:51]} 9. Qd2
{[%clk 0:02:48]} a6 {[%clk 0:02:48]} 10. Nc4 {[%clk 0:02:49]} Qc7
{[%clk 0:02:45]} 11. a4 {[%clk 0:02:47]} Nbd7 {[%clk 0:02:39]} 12. Nh3
{[%clk 0:02:41]} O-O {[%clk 0:02:37]} 13. Nf2 {[%clk 0:02:42]} Nh5
{[%clk 0:02:31]} 14. Bg5 {[%clk 0:02:38]} Ne5 {[%clk 0:02:31]} 15. Nxe5
{[%clk 0:02:36]} dxe5 {[%clk 0:02:16]} 16. Bc4 {[%clk 0:02:24]} Kh8
{[%clk 0:02:05]} 17. O-O {[%clk 0:02:07]} f5 {[%clk 0:02:05]} 18. Bh6
{[%clk 0:01:56]} f4 {[%clk 0:02:01]} 19. Bxg7+ {[%clk 0:01:56]} Nxg7
{[%clk 0:01:53]} 20. Be2 {[%clk 0:01:47]} Qd6 {[%clk 0:01:49]} 21. a5
{[%clk 0:01:45]} g5 {[%clk 0:01:45]} 22. c4 {[%clk 0:01:46]} h5 {[%clk 0:01:42]}
23. Qc3 {[%clk 0:01:46]} e6 {[%clk 0:01:19]} 24. Nd3 {[%clk 0:01:44]} exd5
{[%clk 0:01:16]} 25. cxd5 {[%clk 0:01:35]} Re8 {[%clk 0:00:54]} 26. Qxc5
{[%clk 0:01:36]} Qf6 {[%clk 0:00:50]} 27. Qb6 {[%clk 0:01:36]} Qf7
{[%clk 0:00:39]} 28. Qh6+ {[%clk 0:01:29]} Kg8 {[%clk 0:00:39]} 29. Qxg5
{[%clk 0:01:29]} Bd7 {[%clk 0:00:30]} 30. Nxe5 {[%clk 0:01:27]} Qe7
{[%clk 0:00:24]} 31. Qxe7 {[%clk 0:01:27]} Rxe7 {[%clk 0:00:24]} 32. Nxd7
{[%clk 0:01:21]} Rxd7 {[%clk 0:00:25]} 33. Rfc1 {[%clk 0:01:22]} Ne8
{[%clk 0:00:23]} 34. e5 {[%clk 0:01:22]} Kg7 {[%clk 0:00:21]} 35. d6
{[%clk 0:01:23]} Kg6 {[%clk 0:00:15]} 36. Bd3+ {[%clk 0:01:24]} Kg7
{[%clk 0:04:05]} 37. Ra4 {[%clk 0:01:18]} Rf7 {[%clk 0:00:10]} 38. Rcc4
{[%clk 0:01:18]} Rd8 {[%clk 0:00:04]} 39. Rxf4 {[%clk 0:01:17]} Nxd6
{[%clk 0:00:03]} 40. exd6 {[%clk 0:01:17]} Rxd6 {[%clk 0:00:04]} 41. Rxf7+
{[%clk 0:01:17]} Kxf7 {[%clk 0:00:06]} 42. Be4 {[%clk 0:01:17]} Ke8 *

[Event "15th Bangkok Chess Club Open Blitz 2015"]
[Site "Dusit Thani, Pattaya"]
[Date "2015.04.15"]
[Round "7.1"]
[White "Bartel, Michal"]
[Black "Socko, Bartosz"]
[Result "*"]
[BlackElo "2623"]
[WhiteElo "2381"]
[LiveChessVersion "1.4.5"]

1. e4 {[%clk 0:03:04]} e6 {[%clk 0:03:03]} 2. d4 {[%clk 0:03:03]} d5
{[%clk 0:03:04]} 3. Nc3 {[%clk 0:03:05]} Bb4 {[%clk 0:03:05]} 4. exd5
{[%clk 0:03:06]} exd5 {[%clk 0:03:06]} 5. Qf3 {[%clk 0:03:07]} Be6
{[%clk 0:03:02]} 6. Bd3 {[%clk 0:03:06]} Ne7 {[%clk 0:03:01]} 7. Nge2
{[%clk 0:03:07]} Nbc6 {[%clk 0:03:01]} 8. Bd2 {[%clk 0:03:07]} Qd7
{[%clk 0:03:01]} 9. h3 {[%clk 0:03:08]} Bf5 {[%clk 0:02:58]} 10. Bxf5 Qxf5
{[%clk 0:02:48]} 11. Qxf5 {[%clk 0:03:02]} Nxf5 {[%clk 0:02:48]} 12. Nxd5
{[%clk 0:02:57]} Bxd2+ {[%clk 0:02:49]} 13. Kxd2 {[%clk 0:02:58]} O-O-O
{[%clk 0:02:49]} 14. Ne3 {[%clk 0:02:52]} Nfxd4 {[%clk 0:02:44]} 15. Nxd4
{[%clk 0:02:53]} Nxd4 {[%clk 0:02:44]} 16. Rad1 {[%clk 0:02:50]} Rhe8
{[%clk 0:02:29]} 17. Kc1 {[%clk 0:02:45]} f5 {[%clk 0:02:23]} 18. c3
{[%clk 0:02:40]} Ne2+ {[%clk 0:02:22]} 19. Kc2 {[%clk 0:02:41]} g6
{[%clk 0:02:10]} 20. Rxd8+ {[%clk 0:02:33]} Rxd8 {[%clk 0:02:11]} 21. g3
{[%clk 0:02:30]} f4 {[%clk 0:02:11]} 22. Re1 {[%clk 0:02:30]} f3 {[%clk 0:01:47]}
23. Ng4 {[%clk 0:02:04]} Rf8 {[%clk 0:01:22]} 24. Kd2 {[%clk 0:02:01]} Rd8+
{[%clk 0:01:12]} 25. Ke3 {[%clk 0:01:56]} Re8+ {[%clk 0:01:13]} 26. Kd2
{[%clk 0:01:50]} Rd8+ {[%clk 0:01:14]} 27. Ke3 {[%clk 0:01:51]} Re8+
{[%clk 0:01:15]} 28. Kd2 {[%clk 0:01:52]} Rd8+ {[%clk 0:01:00]} 29. Ke3
{[%clk 0:01:52]} Re8+ {[%clk 0:03:02]} *

[Event "15th Bangkok Chess Club Open Blitz 2015"]
[Site "Dusit Thani, Pattaya"]
[Date "2015.04.15"]
[Round "7.2"]
[White "Dimakiling, Oliver"]
[Black "Laylo, Darwin"]
[Result "*"]
[BlackElo "2465"]
[WhiteElo "2422"]
[LiveChessVersion "1.4.5"]

1. c4 {[%clk 0:03:04]} c6 {[%clk 0:03:03]} 2. d4 {[%clk 0:03:04]} d5
{[%clk 0:03:04]} 3. e3 {[%clk 0:03:04]} Nf6 {[%clk 0:03:06]} 4. Nf3
{[%clk 0:03:05]} g6 {[%clk 0:03:06]} 5. Nc3 {[%clk 0:03:03]} Bg7 {[%clk 0:03:07]}
6. Be2 {[%clk 0:03:04]} O-O {[%clk 0:03:08]} 7. O-O {[%clk 0:03:05]} e6
{[%clk 0:03:06]} 8. a4 {[%clk 0:03:04]} a5 {[%clk 0:03:01]} 9. b3
{[%clk 0:03:04]} Nbd7 {[%clk 0:03:00]} 10. Ba3 {[%clk 0:03:03]} Re8
{[%clk 0:03:01]} 11. Rc1 {[%clk 0:03:00]} b6 {[%clk 0:03:03]} 12. cxd5
{[%clk 0:02:54]} exd5 {[%clk 0:03:03]} 13. Bd3 {[%clk 0:02:43]} Bb7
{[%clk 0:03:03]} 14. Ne2 {[%clk 0:02:41]} Bf8 {[%clk 0:03:02]} 15. Bxf8
{[%clk 0:02:40]} Kxf8 {[%clk 0:03:03]} 16. Nf4 {[%clk 0:02:40]} Kg7
{[%clk 0:03:01]} 17. h4 {[%clk 0:02:39]} h5 {[%clk 0:02:50]} 18. Ng5
{[%clk 0:02:39]} Nf8 {[%clk 0:02:42]} 19. Qf3 {[%clk 0:02:34]} Qd7
{[%clk 0:02:38]} 20. Rc2 {[%clk 0:02:24]} Re7 {[%clk 0:02:30]} 21. Rfc1
{[%clk 0:02:25]} Rae8 {[%clk 0:02:31]} 22. Qe2 {[%clk 0:02:16]} Qg4
{[%clk 0:02:17]} 23. Qxg4 {[%clk 0:02:14]} hxg4 {[%clk 0:02:18]} 24. b4
{[%clk 0:02:09]} axb4 {[%clk 0:02:18]} 25. Rb2 {[%clk 0:02:10]} Ra8
{[%clk 0:02:11]} 26. Rxb4 {[%clk 0:02:10]} N8d7 {[%clk 0:02:03]} 27. Be2
{[%clk 0:01:57]} Ra5 {[%clk 0:02:00]} 28. Nd3 {[%clk 0:01:46]} Re8
{[%clk 0:01:52]} 29. Ne5 {[%clk 0:01:42]} Rea8 {[%clk 0:01:45]} 30. Nxd7
{[%clk 0:01:42]} Nxd7 {[%clk 0:01:44]} 31. Bxg4 {[%clk 0:01:43]} f5
{[%clk 0:01:41]} 32. Bd1 {[%clk 0:01:39]} Kf6 {[%clk 0:01:20]} 33. Nf3
{[%clk 0:01:38]} R5a6 {[%clk 0:01:19]} 34. Ne1 {[%clk 0:01:33]} R8a7
{[%clk 0:01:01]} 35. Nd3 {[%clk 0:01:33]} Ke6 {[%clk 0:00:43]} 36. h5
{[%clk 0:01:31]} gxh5 {[%clk 0:00:44]} 37. Nf4+ {[%clk 0:01:32]} Kd6
{[%clk 0:00:44]} 38. Nxh5 {[%clk 0:01:32]} c5 {[%clk 0:00:45]} 39. dxc5+
{[%clk 0:01:29]} bxc5 {[%clk 0:00:45]} 40. Rf4 {[%clk 0:01:30]} Bc6
{[%clk 0:00:40]} 41. Rxf5 {[%clk 0:01:28]} Bxa4 {[%clk 0:00:41]} 42. Bxa4
{[%clk 0:01:23]} Rxa4 {[%clk 0:00:42]} 43. Nf4 {[%clk 0:01:23]} Ne5
{[%clk 0:00:30]} 44. Nxd5 {[%clk 0:01:10]} Kxd5 {[%clk 0:00:29]} 45. f4
{[%clk 0:01:11]} Re4 {[%clk 0:00:27]} 46. Rxe5+ {[%clk 0:01:08]} Rxe5
{[%clk 0:00:25]} 47. fxe5 {[%clk 0:01:09]} Rc7 {[%clk 0:00:14]} 48. Kf2
{[%clk 0:01:07]} c4 {[%clk 0:00:13]} 49. Rc3 {[%clk 0:01:08]} Kxe5
{[%clk 0:00:10]} 50. g4 {[%clk 0:01:08]} Kd5 {[%clk 0:00:09]} 51. Kf3
{[%clk 0:01:08]} Rf7+ {[%clk 0:00:11]} 52. Kg3 {[%clk 0:01:08]} Rh7
{[%clk 0:00:11]} 53. g5 {[%clk 0:01:09]} Rh1 {[%clk 0:00:07]} 54. Kf4
{[%clk 0:01:09]} Rf1+ {[%clk 0:00:08]} 55. Kg4 {[%clk 0:01:10]} Rh1
{[%clk 0:00:06]} 56. g6 {[%clk 0:01:10]} Rg1+ {[%clk 0:00:08]} 57. Kf5
{[%clk 0:01:11]} Rf1+ {[%clk 0:00:09]} 58. Kg5 {[%clk 0:01:12]} Rg1+
{[%clk 0:00:09]} 59. Kf6 {[%clk 0:01:13]} Rg4 {[%clk 0:00:10]} 60. g7
{[%clk 0:01:12]} Rg1 {[%clk 0:00:07]} 61. Ra3 {[%clk 0:00:57]} Rf1+
{[%clk 0:00:07]} 62. Ke7 {[%clk 0:00:57]} Rg1 {[%clk 0:00:08]} 63. Kf8
{[%clk 0:00:57]} Rf1+ {[%clk 0:00:09]} 64. Kg8 {[%clk 0:00:58]} Ke4
{[%clk 0:00:08]} 65. Rc3 {[%clk 0:00:29]} Kd5 {[%clk 0:00:10]} 66. Rc2
{[%clk 0:00:25]} Rg1 {[%clk 0:00:06]} 67. Rf2 {[%clk 0:00:17]} c3
{[%clk 0:00:05]} 68. Kf7 {[%clk 0:00:17]} Ke4 {[%clk 0:00:04]} 69. Rc2
{[%clk 0:00:17]} Kd3 {[%clk 0:00:05]} 70. Rc1 {[%clk 0:00:15]} Rxc1
{[%clk 0:00:03]} 71. g8=Q {[%clk 0:00:15]} Rf1+ {[%clk 0:00:03]} 72. Ke6
{[%clk 0:00:16]} c2 {[%clk 0:00:03]} 73. Qg6+ {[%clk 0:00:16]} Kd2
{[%clk 0:00:03]} 74. Qg2+ {[%clk 0:00:17]} *